[Event "Benasque op 28th"]
[Site "Benasque"]
[Date "2008.07.07"]
[Round "5"]
[White "De la Villa Garcia, Jesus Maria"]
[Black "Marin, Mihail"]
[Result "1/2-1/2"]
[WhiteElo "2458"]
[BlackElo "2553"]
[Annotator "Marin,M"]
[PlyCount "71"]
[EventDate "2008.07.03"]
[EventType "swiss"]
[EventRounds "10"]
[EventCountry "ESP"]
[SourceTitle "CBM 125"]
[Source "ChessBase"]
[SourceDate "2008.07.30"]
[SourceVersion "1"]
[SourceVersionDate "2008.07.30"]
[SourceQuality "1"]

1. e4 e5 2. Nf3 Nc6 3. Bb5 a6 4. Ba4 Nf6 5. O-O Nxe4 6. d4 b5 7. Bb3 d5 8. dxe5
Be6 9. Be3 Be7 10. c3 Nc5 11. Bc2 Bg4 {An old-fashioned variation, aiming to
maintain the tension and avoid early simplifications.} ({A couple of months
earlier, I experimented with} 11... Nd7 12. Re1 Ndxe5 13. Nxe5 Nxe5 14. Bd4 f6
15. Bxe5 fxe5 16. Rxe5 Bf7 17. Qe2 Kf8 18. Nd2 Bd6 $1 $146 ({An improvement
over} 18... Bf6 19. Re3 g6 {as played in Almasi,Z (2672)-Acs,P (2520)/Paks
2006/CBM 113 ext (1/2-1/2, 42), see below. In that game, play transposed to my
game after Nf3-e5, but I believe that} 20. Rd1 Kg7 21. Ne4 $14 {is unpleasant
for Black.}) 19. Re3 g6 20. Nf3 Kg7 21. Ne5 Bxe5 22. Rxe5 Qf6 23. f4 $146 {
The second... novelty of this game! However, the evaluation of the position as
equal remains unchanged. White's stability on dark squares is compensated by
Black's mighty centre and by the relative passivity of the theoretically
"good" white bishop.} (23. Qe3 c5 24. f4 Rac8 25. Bb3 Rhd8 26. Rd1 d4 $11 {
Almasi,Z (2672)-Acs,P (2520)/Paks 2006/CBM 113 ext (1/2-1/2, 42)}) 23... c5 24.
Qf2 Rac8 25. Bb3 Rhd8 26. g4 Rc7 27. Rd1 Qd6 28. Kg2 d4 $11 {Hillarp Persson,T
(2491)-Marin,M (2556)/Porto Mannu Palau 2008 (1/2-1/2, 41)}) 12. Nbd2 Ne6 13.
Qb1 Bh5 14. Re1 {A rare move.} ({Two rounds later, I met one of Jesus' pupils,
who, advised by his trainer, chose the strongest continuation:} 14. b4 {
Blocking Black's queenside structure.} Bg6 15. a4 $146 ({A strong novelty. In
case of} 15. Nb3 {Stoica,V-Staller,P/Val Thorens 1980/ (1-0, 40), White may
find it difficult to carry out a4 after} Qd7 $1 {[%cal Gd7a4]}) 15... O-O $6 {
Blundering a pawn.} (15... Rb8 $14) 16. Bxg6 fxg6 17. axb5 axb5 18. Rxa8 Qxa8
19. Qd3 $16 Ncd8 (19... d4 20. Nxd4 Ncxd4 21. cxd4 Qd5 22. Rb1 $16 {Black's
stability on the light squares will only offer him chances to defend for a
long time.}) 20. Qxb5 c6 21. Qa5 $6 {Playing too actively.} (21. Qd3 $16) 21...
Nb7 22. Qb6 $6 (22. Qa1 $5) 22... Rc8 23. Nb3 Bd8 24. Qa7 Qxa7 25. Bxa7 Ra8 26.
Ra1 c5 $132 {Now, White faces technical problems.} 27. bxc5 $6 ({His only
chance to retain winning chances was} 27. b5 $1 Nc7 28. b6 Nb5 29. Na5 $1 {
and, curiously, Black cannot get any advantage from the pins.}) 27... Nbxc5 28.
Bxc5 Rxa1+ 29. Nxa1 Nxc5 {Black will retrieve the lost pawn soon and White's
advantage remains symbolic.} 30. Nc2 Ne4 31. Nfd4 Nxc3 32. f4 Bb6 33. Kf1 Kf7
34. Ke1 Ne4 35. Ke2 Nc5 36. Kf3 Ne6 37. Ne2 Nc7 38. g4 Nb5 $11 {Recuero Guera,
D-Marin,M/Benasque 2003 (1/2-1/2, 46)}) (14. a4 {was tried in a classical game:
} b4 15. a5 Bg6 16. Nb3 bxc3 17. bxc3 Qb8 18. Qa2 O-O 19. Bxg6 hxg6 20. Rab1 $6
(20. Rfb1 {[%csl Ga5] Bronstein}) 20... Qb5 21. Qc2 Qc4 22. Nfd2 Qg4 $132 {
Gligoric,S-Szabo,L/Zuerich 1953/Candidates (0-1, 41)}) 14... Qd7 $146 ({
Black should not hurry to retreat with his bishop, because in that case White
may win a tempo by capturing on g6.} 14... Bg6 15. Nb3 Qd7 16. Nfd4 $6 (16.
Bxg6 hxg6 17. Nfd4 {wins a tempo over our main game.}) 16... Nxe5 17. Nxe6 fxe6
$13 18. Nc5 $2 Qc6 19. Nxe6 Qxe6 20. Bd4 Bxc2 21. Qxc2 Qg6 {0-1 Lobron,E (2480)
-Timman,J (2605)/Indonesia 1983/MCD}) 15. Bf5 (15. Nd4 Ncxd4 $1 16. cxd4 c5 {
We can see that the bishop is very useful on h5, by preventing the generally
desirable Nf3.} 17. Nb3 c4 18. Nd2 Qa7 $17) 15... Bg6 16. Nb3 O-O 17. Bxg6 (17.
Nbd4 $5) 17... fxg6 $5 {It is always a good question which way to capture. My
move opens the f-file for the rook and avoids any danger of a white kingside
attack, but leaves the e6-knight slightly less stable.} (17... hxg6 {allows
the additional possibility} 18. Qd3 {[%cal Ga1d1] . However, this may not be
that dangerous.} a5 $1 19. Rad1 (19. Qxb5 Nxe5 $11) 19... a4 20. Nc1 Rfd8 21.
Ne2 Na5 $13) 18. Nbd4 ({One point behind my previous move is revealed after} 
18. Qd3 $2 Rxf3 $1 19. gxf3 Nxe5 20. Qe2 Bd6 $17) (18. Nfd4 Nxe5 19. Nxe6 Qxe6
20. Bd4 Bd6 $17) 18... Ncd8 (18... Ncxd4 $5 19. cxd4 Rxf3 20. gxf3 Rf8 {
may be playable, but it take strong nerves, since pawns are equal and Black's
queenside structure is not perfect either.}) 19. b4 a5 20. a3 Nxd4 $6 {A
hurried exchange, which will cause some mini-problems.} (20... c6 21. Qd3 (21.
Qd1 a4 $11) 21... Nxd4 22. Nxd4 Ne6 $11) 21. Nxd4 Ne6 22. Qd1 $1 {[%cal Gd1g4]
Suddenly, there is a strong threat for White in an apparently stable position.}
Nxd4 23. Bxd4 Qe6 24. Qd3 ({During the game I was afraid of} 24. a4 $5 {
, but things seem to be not really bad for Black.} bxa4 (24... axb4 25. axb5
$14) 25. Qxa4 (25. Rxa4 axb4 26. cxb4 c6 $11) 25... axb4 26. Qxa8 Rxa8 27.
Rxa8+ Kf7 $13 {I wrongly assessed this positoon as quite bad for Black.} 28.
cxb4 Bxb4 29. Rc1 Qg4 30. Be3 Bc3 $1 $15) 24... c6 $11 {Now, Black is
absolutely fine.} 25. Rad1 Rf5 {Running into a pin anyway.} (25... a4 26. Re3
$11 {[%cal Ge3f3] For White it is important to trade one pair of rooks in
order to avoid a black kingside attack.}) 26. Qh3 $1 a4 27. Rd3 Raf8 28. Rf3 g5
29. Rxf5 (29. Ree3 g6 30. Rxf5 Rxf5 31. Rf3 h5 32. Rxf5 Qxf5 33. Qxf5 gxf5 $15
34. f4 $5) 29... Rxf5 30. Qe3 Rf4 31. f3 Rf5 32. h3 h6 33. Kf1 Rf8 34. Kg1 ({
White cannot really play for a win with} 34. Bc5 Bxc5 35. Qxc5 Re8 36. Kf2 Qg6
37. Re2 Re6 38. Qd4 Qf5 39. Qg4 Qg6 40. Qd4 Qf5 41. Ke1 Qb1+ 42. Qd1 Qf5 $11)
34... Rf5 35. Kf1 Rf8 36. Kg1 1/2-1/2

[Event "Chess Champions League"]
[Site "Vitoria Gasteiz"]
[Date "2007.11.03"]
[Round "2"]
[White "Polgar, Judit"]
[Black "Karpov, Anatoly"]
[Result "1/2-1/2"]
[WhiteElo "2708"]
[BlackElo "2670"]
[Annotator "Marin,M"]
[PlyCount "95"]
[EventDate "2007.11.02"]
[EventType "tourn"]
[EventRounds "10"]
[EventCountry "ESP"]
[EventCategory "19"]
[SourceTitle "CBM 121"]
[Source "ChessBase"]
[SourceDate "2007.11.14"]
[SourceVersion "1"]
[SourceVersionDate "2007.11.14"]
[SourceQuality "1"]

1. e4 e5 2. Nf3 Nc6 3. Bb5 a6 4. Ba4 Nf6 5. O-O Nxe4 {(!?!) Throughout his
carrier, Karpov has been playing all kind of closed systems of the Ruy Lopez.
He is supposed to know the open variation very well, too, but mainly from
White's point of view, after having faced it repeatedly during his World
Championship matches against Korchnoi from 1978 and 1981. With Black, Karpov
only captured on e4 twice, between the aforementioned matches. Although his
overall result was satisfactory, Karpov must have felt that the opening did
not suit his style perfectly. Until now...} 6. d4 b5 7. Bb3 d5 8. dxe5 (8. Nxe5
{Hort,V (2595)-Karpov,A (2725)/Bugojno 1980/MCD (1/2-1/2, 16)}) 8... Be6 9.
Nbd2 (9. Qe2 {Kavalek,L (2590)-Karpov,A (2705)/Montreal 1979/MCL/[ChessBase] 
(0-1, 41)}) 9... Be7 10. c3 O-O {This variation had been played by Korchnoi
starting with the '50s and has been revitalized by him recently.} 11. Qe2 {
Caught by surprise, Judit deviates from the main course of theory, where, she
supposed, Karpov had prepared something.} ({In fact, she had two recent
experiences with the main line:} 11. Bc2 f5 12. Nb3 Qd7 13. Nfd4 Nxd4 14. Nxd4
c5 15. Nxe6 Qxe6 16. f3 Ng5 17. a4 Rad8 18. axb5 {Logical. What else would a4
be good for?! White opens lines, activates his rook and attempts to become
active. Logisch, wozu soll a4 sonst gut sein?! Weiß macht die Linien auf,
aktiviert seinen Turm und versucht aktiv zu werden.} axb5 19. Ra7 Rd7 {The new
move. It is questionable whether it is an important innovation, more an
improvement on the previous game. Der neue Zug. In wiefern das eine wichtige
Neuerung ist, ist fraglich. Das ist eher Verstärkung der Vorgängerpartie.} 20.
Rxd7 Qxd7 21. Be3 ({Aiming to improve over} 21. Kh1 {, where the final result
of the game had little to do with the outcome of the opening, Polgar,J (2710)
-Sokolov,I (2670)/Hoogeveen 2006/CBM 115/[Kritz] (1-0, 48)}) 21... f4 22. Bf2
g6 23. Qd2 Ne6 24. Rd1 Rd8 25. Be4 Qc7 26. Bxd5 Qxe5 27. b3 Kg7 28. c4 bxc4 29.
bxc4 Nc7 30. Qa2 Nxd5 31. cxd5 Kf8 32. h3 Qd6 $11 {Polgar,J (2707)-Carlsen,M 
(2710)/Biel 2007/CBM 120 (1/2-1/2, 43)}) 11... Nxd2 $5 {Still following the
footsteps of his historical rival.} ({The main alternative is} 11... Nc5 {
, which had been employed by Korchnoi, too, on the occasion of his Candidates'
match against Mecking...} 12. Nd4 Nxb3 13. N2xb3 Qd7 14. Nxc6 Qxc6 15. Be3 Bf5
16. Rfd1 Qg6 17. Nd4 Bd7 18. b4 Qe4 $132 {Mecking,H (2615)-Kortschnoj,V (2670)/
Augusta 1974/Candidates (1/2-1/2, 35). True, several dozens of games have been
played in the meanwhile...}) 12. Bxd2 Na5 13. Bc2 Nc4 ({Another historical
game went} 13... c5 14. Qd3 (14. b3 {deprives the knight of the c4-square, but
weakens the c3-square prematurely.} Nc6 15. Qd3 g6 16. Bh6 Re8 17. Qd2 b4 18.
cxb4 Nxb4 19. Bd1 Nc6 20. Qf4 Rb8 $132 {Carlsen,M (2646)-Predojevic,B (2566)/
Sarajevo 2006/TWIC 602 (1/2-1/2, 88)}) ({However, from the modern era the
following game deserves serious attention:} 14. Rad1 Qd7 15. h3 Nc6 16. Bg5
Rfe8 17. Rfe1 {White is in no hurry to break Black's position, but simply
develops and activates his pieces.} Rad8 18. Qe3 Bxg5 19. Nxg5 Bf5 20. e6 fxe6
21. Bxf5 exf5 22. Qxc5 $14 {Sokolov,A (2628)-Predojevic,B (2566)/Turin 2006/
CBM 113 (1/2-1/2, 27)}) 14... g6 15. Bh6 Re8 {Now, the simplest and probably
best continuation would have been} 16. Rfe1 {consolidates the central pawn and
continues the development of the pieces. I believe that in this case White
would have maintained an advantage, for instance} (16. Qd2 {led to
incalculable complications after} Nc4 17. Qf4 Nxb2 18. Bg5 d4 $13 {Tal,
M-Kortschnoj,V/Riga 1955/EXT 99 (0-1, 33)}) 16... f6 (16... Bf5 {solves only
part of Black's problems. After} 17. Qe2 Bxc2 18. Qxc2 f6 19. Rad1 {White's
pressure is unpleasant.}) 17. Nh4 $1 {This is not the start of an atack
actually, but a way to force Black to a significant positional concession.} f5
({Sad necessity. Black is forced to block the position, thus adding force to
the white central pawn. After, for instance} 17... Bf8 $6 18. Bxf8 Kxf8 {
White would have obtained a very powerful attack with} 19. Nxg6+ hxg6 20. Qxg6
{when, compared to a line examined above, the presence of the light squared
bishops on board makes a lot of difference in White's favour.}) 18. Nf3 Nc6 19.
Rad1 {and White has completed his development, maintaining a positional
advantage. True, Black's position remains quite solid.}) 14. Nd4 (14. b3 Nxd2
15. Qxd2 Rc8 $5 ({I believe that there are not many players who, now or later,
would refrain from} 15... c5) 16. a4 Qd7 17. axb5 axb5 18. Ra5 g6 19. Bd3 c6
20. Rfa1 Rc7 21. Nd4 f6 $132 {Aronin,L-Kortschnoj,V/Riga 1954/EXT 2000 (1/2-1/
2, 27). After having more or less neutralised the enemy bishop, Black opens
new diagonals for his own dark-squared bishop.}) (14. Bc1 Qd7 (14... Bg4 $1
$132) 15. b3 Nb6 16. Qd3 $14 {Hecht,H-Langeweg,K/Hengelo 1968 (1-0, 45)}) 14...
Nxd2 {It seems that Karpov likes clarity lately.} ({Actually, Black can ignore
the bishop for the time being and simply continue his development with} 14...
Qd7 15. f4 c5 16. Nxe6 Qxe6 17. Rae1 f5 18. Bc1 Qg6 19. b3 Nb6 20. Be3 Rad8 21.
Qf2 Qc6 22. Rd1 (22. Qf3 Na8 $5 {[%csl Ge6][%cal Ga8c7,Gc7e6]}) 22... d4 $1 23.
cxd4 Nd5 24. Kh1 (24. dxc5 $2 Nxe3 25. Qxe3 Bxc5 $19) (24. b4 c4 25. a3 a5 $132
) 24... cxd4 25. Bxd4 Nxf4 26. Qxf4 (26. Bb1 Ne6 27. Bxf5 Nxd4 28. Rxd4 Rxd4
29. Qxd4 g6 30. Bd3 Rxf1+ 31. Bxf1 Qc1 $132 32. Qd3 Qf4 33. e6 Bc5 34. Be2 Qe3
$11) 26... Qxc2 27. Rd2 Qe4 $15 {Lee,P-Langeweg,K/Bad Aibling 1968/EXT 2001 
(0-1, 48)}) (14... Bg4 $2 {was recommended but is just bad:} 15. Qxg4 $1 ({
The old analysis went} 15. Qe1 f6 $15) 15... Nxd2 16. Rfd1 Nc4 17. Nf5 g6 18.
Rxd5 $1 $18) 15. Qxd2 Qd7 16. f4 c5 17. Nxe6 fxe6 {Black has strengthened his
centre, but also lost some kingside flexibility. The thematic pawn break ...f6
is not available any more, but on the queenside his pawn majority could become
threatening. Although objectively speaking chances might be equal, it is
mainly White who will do the attacking in the next phase of the game.} (17...
Qxe6 $2 18. Rae1 $16 {[%csl Rd5][%cal Gf4f5]}) 18. Rad1 (18. f5 Rad8 $5 (18...
exf5 19. Bxf5 $1 Rxf5 $2 20. Rxf5 Qxf5 21. Qxd5+ $18)) 18... Rad8 19. Qd3 g6
20. Qg3 Rf7 21. h4 Rg7 22. Qh3 c4 {Restricting the enemy bishop by placing the
last pawn on a light square and hoping for a favourable endgame in case of
successful defence and mass exchanges.} 23. Kh1 a5 24. h5 Bc5 25. Rf3 Qe8 26.
Rg3 {White's attack looks a bit scary, but his king is also slightly
vulnerable, which restricts his active possibilities.} gxh5 27. f5 Rxg3 28.
Qxg3+ Kh8 29. Qh4 Qe7 30. f6 Qf7 31. Rf1 Rg8 32. Bd1 Qg6 33. Qh3 Qd3 $1 $11 34.
Qxd3 cxd3 35. f7 Rf8 36. Bxh5 Kg7 37. Rd1 Be3 38. Rxd3 Bf4 39. a4 bxa4 40. Rd4
a3 41. bxa3 (41. Rxf4 $2 axb2 42. Rf1 a4 $19) 41... Bxe5 42. Rg4+ Kh6 (42...
Kf6 43. c4 $11) 43. Rg8 Bd6 44. Rxf8 Bxf8 45. Bg4 e5 46. a4 Kg6 47. Be6 d4 48.
cxd4 1/2-1/2

[Event "Sofia MTel Masters 5th"]
[Site "Sofia"]
[Date "2009.05.19"]
[Round "6"]
[White "Shirov, Alexei"]
[Black "Ivanchuk, Vassily"]
[Result "1-0"]
[WhiteElo "2745"]
[BlackElo "2746"]
[Annotator "Marin,M"]
[PlyCount "97"]
[EventDate "2009.05.13"]
[EventType "tourn"]
[EventRounds "10"]
[EventCountry "BUL"]
[EventCategory "21"]
[SourceTitle "CBM 131"]
[Source "ChessBase"]
[SourceDate "2009.07.15"]
[SourceVersion "1"]
[SourceVersionDate "2009.07.15"]
[SourceQuality "1"]

1. e4 e5 2. Nf3 Nc6 3. Bb5 a6 4. Ba4 Nf6 5. O-O Nxe4 6. d4 b5 7. Bb3 d5 8. dxe5
Be6 9. Nbd2 Be7 {This move has become popular since Kortschnoj employed it
twice against Shirov.} 10. Re1 {This is an unusual way to reach the game
variation.} (10. c3 O-O 11. Re1 {is the usual move order:} (11. Bc2 f5 {
leads to an old main variation, which has become topical again. This is how
the aforementioned games continued and I dedicated to it two articles in CBM
115 and 116.}) 11... Nc5 ({As I had the occasion to find out,} 11... Nxd2 {
does not quite equalize:} 12. Bxd2 Qd7 13. Bg5 Rad8 14. Bc2 f6 15. Qd3 g6 16.
exf6 Bxf6 17. Bxf6 Bf5 18. Qd2 Rxf6 19. Nd4 Bxc2 20. Qxc2 Na5 21. b4 Nc4 22. a4
$14 {Stojanovic,D (2492)-Marin,M (2538)/Turin (ol) 2006 (1/2, 65). White's
more mobile structure leaves him with a permanent plus.}) 12. Bc2 d4 {and we
have transposed to the game.}) ({It is worth mentioning that a game between
the same players, but with reversed colours, continued} 10. Nxe4 dxe4 11. Bxe6
fxe6 12. Ng5 Qd5 13. Qh5+ g6 14. Qg4 Bxg5 15. Bxg5 Nxe5 16. Qg3 Nf7 17. Be3 e5
18. Rfd1 Qc6 19. Rd2 O-O 20. Rad1 Rae8 21. b4 Nd6 $11 {Ivanchuk,V (2711)
-Shirov,A (2713)/Monte Carlo 2005/CBM 105 ext (1/2, 57). Black's weaknesses
compensate for the extra-pawn.}) 10... Nc5 11. c3 d4 (11... O-O 12. Bc2 d4 {
would be another possible move order.}) 12. Bc2 $146 {This is the first, but,
curiously, not the last novelty in this game! The move has not been played
before in this specific position, but play will eventually transpose to
familiar paths and then we will have the real novelty.} ({After} 12. Bxe6 Nxe6
13. cxd4 Ncxd4 {, the insertion of the moves ...Be7 and Re1 favours Black (if
compared with the lines starting with 9...Nc5 10.c3 d4), because he is one
step closer to getting castled. Ivanchuk had the following recent experience
with it:} 14. Nxd4 Qxd4 15. Qc2 Qc5 16. Qe4 Rd8 17. Nf3 Qd5 18. Qc2 Bb4 19. Rf1
Bc5 20. Bg5 Qd3 21. Rac1 Qxc2 22. Rxc2 Rd3 23. Rfc1 Bb6 24. Bd2 O-O 25. Kf1
Rfd8 $15 {McShane,L (2592)-Ivanchuk,V (2787)/Germany 2008/CBM 123 (0-1, 51)})
12... O-O {Shirov's move order remains a bit of a mystery, since Black had two
ways to deviate. Maybe he wanted to avoid the line from the game
Stojanovic-Marin, although I see no reason for that.} (12... d3 13. Bb1 Qd5) (
12... dxc3 13. bxc3 Qd5) 13. cxd4 Nxd4 14. Nxd4 Qxd4 {Black is better
developed, but the exposed position of the black queen will allow White to
catch up relatively quickly. In the meanwhile, Black should be concerned about
maintaining the stability of his pieces.} 15. Nf3 (15. Qe2 {Georgiev,K (2660)
-Piket,J (2590)/Biel 1993/CBM 37/[Wolff] (1/2, 43)}) (15. Nb3 {Ernst} Nxb3 16.
axb3 Qxd1 17. Rxd1 c5 $17 {Lasker-Tarrasch/Petersburg/1914/}) 15... Qxd1 16.
Rxd1 Rfd8 17. Nd4 Bd5 (17... Bg4 {is a worthy alternative.} 18. f3 Ne6 19. Nc6
(19. Be4 $6 Rac8 20. Be3 Nxd4 21. Rxd4 Rxd4 22. Bxd4 c5 23. Be3 Be6 24. f4 f5
$15 {White's majority is safely blocked, while the black queenside pawns are
mobile. Capturing on f6 would leave the white queenside in trouble after ...
Bxf6, while} 25. Bb7 Rb8 26. Bxa6 $2 {drops a piece to} Rb6 $19) 19... Bc5+ 20.
Kf1 Rxd1+ 21. Bxd1 Bf5 22. Bd2 Bd3+ $1 (22... Nd4 23. Rc1 Bd3+ 24. Ke1 $14 Bc4
$2 {Rodriguez Lopez,R (2290)-Estremera Panos,S (2385)/Mondariz 1996/EXT 2004 
(1/2, 26)} 25. Na5 $1 $16) 23. Ke1 Re8 24. Rc1 Bc4 $13 {White's queenside
pressure looks worrying, but his king is relatively unsafe.}) 18. Nf5 $5 $146 {
This is the "second novelty".} ({It certainly looks more active than} 18. Be3
Ne6 19. Nf5 Bf8 {Brodsky,M (2530)-Tikhomirov,A (2319)/Alushta 1999/EXT 2000 (1/
2, 49)}) 18... Bf8 19. Bg5 Rd7 20. Ne7+ Bxe7 21. Bxe7 Rxe7 $6 {Strategically,
this is wrong. In order to maintain his stability on the light squares, Black
should avoid giving up the light-squared bishop.} (21... Ne6 {offered better
chances to equalize.} 22. Bb3 (22. Rxd5 Rxd5 23. Be4 Rad8 24. Bxd8 Rxd8 $15 {
The material balance is the same as in the game, but Black controls the only
open file.}) 22... c6 23. Bxd5 (23. Bd6 Bxb3 24. axb3 a5 {[%cal Gf7f6] looks
fine for Black.}) 23... Rxd5 24. Rxd5 cxd5 25. Rc1 {Black has a fantastic
knight, sustaining the passed pawn, but the only open file is occupied by the
white rook. It seems that Black should be able to retain equal chances with
accurate play.} Re8 $1 (25... g5 26. Bf6 $1 $14) 26. Bd6 g5 27. Rc6 Kg7 28. Kf1
(28. Rxa6 Rc8 $132) 28... h5 29. g3 (29. Ke1 Nf4) 29... g4 $132 {[%cal Gg7f5,
Gd5d4,Ge6d4,Gd4f3]}) 22. Rxd5 Ne6 23. g3 g6 24. f4 $14 {[%cal Gg1e3,Gg3g4,
Gf4f5] Black is under strong pressure.} c5 25. Kf2 Kg7 26. Rad1 c4 27. Ke3 {
[%cal Gg3g4,Gf4f5]} f6 28. Rd7 Kf7 29. Be4 Rae8 30. Rxe7+ Rxe7 31. exf6 Kxf6
32. Rd6 Kg7 33. f5 $5 {A dynamic way to parry the threat ...Nc5.} (33. Rc6 {
would be a less spectacular way to solve the problem.}) 33... gxf5 (33... Nc5
$2 34. f6+ $1) 34. Bxf5 Nf8+ 35. Kd2 Re5 36. g4 a5 37. Ra6 a4 38. Rb6 Ng6 39.
Kc3 $16 {/+- Black's position is desperate. White's pieces are more active and
the black queenside pawns are weak. The next phase of the game features
inaccuracies from both sides.} Ne7 40. Rb7 (40. Re6 $1 $18 {After the exchange
of rooks, the queenside pawns would fall.}) 40... Kf6 (40... h5 41. Bd7 hxg4
42. Rxb5 $16) 41. Bxh7 Kg5 42. h3 Kf4 43. Rd7 $6 (43. a3 Ke3 44. Kc2 $16) 43...
Re2 $2 (43... Ke3 {[%cal Ge7d5]} 44. Kc2 (44. Kb4 $6 Nd5+ 45. Ka5 a3 46. bxa3
Nf6) 44... Nd5 {It is not easy to make progress with White, because of Black's
centralized position.}) 44. a3 Nc6 45. Rf7+ Kg3 $2 {The decisive mistake in a
difficult position.} (45... Kg5 46. Rf5+ Kh6 47. Rh5+ Kg7 48. Bc2 Re3+ 49. Kd2
$16) 46. g5 Re3+ 47. Kd2 Rb3 48. g6 Rxb2+ 49. Kc1 1-0